000 00731nam a2200253 a 4500
001 68592
003 BD-RjUL
005 20211209081805.0
008 170403s1959 nyu b 001 0 eng d
035 _a(BD-RjUL)68802
040 _aDLC
_cODaWU
_dOCoLC
_dDNLM
_dBD-RjUL
_beng
041 _aeng
060 0 _aBF 38
_bM272L 1959
082 _223
_a150
_bMAL 1959
100 1 _aMandler, George.
_9203314
245 1 4 _aThe language of psychology /
_c by George Mandler and William Kessen.
260 _aNew York :
_bWiley & Sons,
_cc1959
300 _axviii, 301 p. ;
_c24 cm.
504 _aIncludes bibliographies.
650 0 _aPsychology.
_9203315
700 1 _aKessen, William
_9203316
942 _2ddc
_cBK
999 _c68592
_d68592